000 00389pab a2200133 454500
008 180718b2006 xxu||||| |||| 00| 0 eng d
100 _aDolowitz, David P.
245 _aBring back the states: correcting for the omissions of globalization
260 _c2006
300 _ap.263-80.
650 _aGlobalization
773 _aInternational Journal of Public Administration
909 _a70818
999 _c70818
_d70818